| 000 | | | 04298nmc2a22002771x 450 |
| 001 | | | f8085c04-aef7-4534-b20e-8819201ecf5c |
| 005 | | | 20131029154516.0 |
| 100 | ## | $a | 20130605l19111913k y0rusy50 ca |
| 101 | 0# | $a | rus |
| 102 | ## | $a | RU |
| 105 | ## | $a | a z ||||| |
| 200 | 1# | $a | Копия судебного дела земского начальника Аткарского уезда П. П. фон-Брадке и изложение дела управляющим делами Постоянного совета Панчулидзева |
| | $j | 1911-1913 |
| 215 | ## | $a | 83 листа |
| | $c | табл. |
| 251 | ## | $c | Дело |
| 300 | ## | $a | Часть текста рукописная, часть - машинописная, часть - напечатана типографским способом |
| 300 | ## | $a | Заголовок дела на вложенной папке: Дисциплинарное производство против земского начальника 6 участка Аткарского уезда отставного подполковника Петра Петровича Фон-Брадке |
| 330 | ## | $a | IV. Переписка Постоянного совета по вопросам объединенного дворянства, по финляндскому вопросу, о печатном органе, о юбилейных праздниках, об архивах дворянских собраний и о деятельности представителей высшего духовенства /1906-1917 гг./ |
| 461 | #0 | $1 | 001b6db1e6b-efcc-4108-961b-a8f75be6354f |
| | $1 | 2001 |
| | $a | Постоянный совет объединенных дворянских обществ |
| | $1 | 251 |
| | $c | Фонд |
| | $1 | 852 |
| | $j | 434 |
| 462 | #0 | $1 | 001376737bd-14a2-4097-a3d5-a02b2aa0e2d3 |
| | $1 | 2001 |
| | $a | Постоянный совет объединенных дворянских обществ. 1906-1917 гг. |
| | $1 | 251 |
| | $c | Опись |
| | $1 | 852 |
| | $j | 1 |
| 517 | ## | $a | Дисциплинарное производство против земского начальника 6 участка Аткарского уезда отставного подполковника Петра Петровича Фон-Брадке |
| 600 | #1 | $a | Брадке |
| | $b | П. П. фон |
| 600 | #1 | $a | Панчулидзев |
| 601 | 02 | $3 | RU\NLR\AUTH\8810165427 |
| | $a | Постоянный совет объединенных дворянских обществ |
| | $c | Петербург |
| 801 | #0 | $a | RU |
| | $b | GA_RF |
| 801 | #1 | $a | RU |
| | $b | НПО Опыт |
| | $c | 20130605 |
| | $2 | rusmarc |
| 801 | #2 | $a | RU |
| | $b | ПБ им. Б.Н. Ельцина |
| | $c | 20131029 |
| | $g | RCR |
| | $2 | rusmarc |
| 852 | ## | $a | ГА РФ |
| | $j | 112 |
| 937 | ## | $d | 39805910 |
| | $h | ПБ |
| 035 | ## | $a | RuPRLIB51006729 |